000 00268nam a2200109Ia 4500
008 190216s9999||||xx |||||||||||||| ||und||
100 _aParameswaran Nair. P.K
245 0 _aEka Bharathathinde Deepashikakal
260 _bNull
650 _aEssay Malayalam
942 _cBK
999 _c25646
_d25646